00738nam a2200229 a 450000100060000000300080000600500170001400800410003102000320007203500190010404000230012304100080014608200250015410000230017924500640020226000460026630000260031249000340033850400510037265000190042383000660044270060BD-RjUL20211209081947.0170415r19831982nyu b 001 0 eng  a0471867373 :c$39.95 (est.) a(BD-RjUL)70272 aDLCcDLCdDLCbeng aeng002123a512.7bSHI 19831 aShapiro, Harold N.10aIntroduction to the theory of numbers /cHarold N. Shapiro. aNew York :bWiley,c1982 [reprinted 1983] axii, 459 p. ;c24 cm.1 aPure and applied mathematics, aIncludes bibliographical references and index. 0aNumber theory. 0aPure and applied mathematics (John Wiley & Sons : unnumbered)